01463nam a2200289Ia 450000100040000000500170000400800410002102000150006202000180007704000350009504100080013008400110013810000410014924500450019025000220023526400260025730000250028333600270030833700330033533800280036849000550039652005900045165000300104165000250107165000260109665100510112283120260218212441.0121119s2002 sp gr 000 f spa  a8420638080 a9788420638089 aCO-BoRNBPbspaerdacCO-BoRNBP0 aspa aN PER31 aPérez Galdós, Benito,d1843-192010aDoña perfectacBenito Pérez Galdós aTercera edición 1aMadridbAlianzac2002 a270 páginasc17 cm atextobtxt2rdacontent asin mediaciónbn2rdamedia avolumenbnc2rdacarrier0 aEl libro de bolsillo : Biblioteca Pérez Galdós3 aNo es sólo la novela de Benito Pérez Galdós (1843-1920) que suscitó más encendidas polémicas, sino también una obra sumamente representativa de su primera etapa creadora. El conflicto entre la posición progresista y europeizante de Pepe Rey -joven ingeniero que llega a la ciudad episcopal de Orbajosa con la intención de casarse con Rosarito, prima suya e hija de doña Perfecta, puntal de la sociedad orbajonense- y la actitud inmovilista de una sociedad apegada a creencias y formas de existencia tradicionales constituye el núcleo en torno al cual se articula.142LEMBaPatriotismovNovela142LEMBaNovela amorosa142LEMBaFamiliavNovela 4aEspañaxCaracterÍsticas nacionalesvNovela